Taylor Swift 01 - Statistics

General Stats
  • This quiz has been taken 41 times
    34 since last reset
  • The average score is 297 of 386
Answer Stats
Answer % Correct
a
100%
and
100%
I
100%
me
95%
no
95%
on
95%
the
95%
you
95%
he
89%
I'm
89%
in
89%
is
89%
so
89%
to
89%
when
89%
your
89%
be
84%
now
84%
were
84%
why
84%
you're
84%
all
79%
her
79%
I'll
79%
that
79%
was
79%
been
74%
'cause
74%
got
74%
I'd
74%
knew
74%
know
74%
never
74%
oh
74%
see
74%
alone
68%
down
68%
ever
68%
trouble
68%
ago
63%
anyone
63%
anything
63%
back
63%
few
63%
from
63%
he's
63%
mistakes
63%
once
63%
or
63%
places
63%
put
63%
shame
63%
time
63%
upon
63%
walked
63%
blame
58%
cry
58%
didn't
58%
found
58%
gone
58%
guess
58%
hard
58%
loved
58%
new
58%
realize
58%
step
58%
took
58%
without
58%
yeah
58%
care
53%
cold
53%
doesn't
53%
drowning
53%
flew
53%
ground
53%
he'll
53%
joke
53%
liked
53%
lying
53%
met
53%
reason
53%
sights
53%
apologies
47%
belt
47%
creeping
47%
fell
47%
heard
47%
hey
47%
long
47%
street
47%
whispers
47%
comes
42%
moved
42%
next
42%
notch
42%
pretends
42%
fear
37%
saddest
37%
'til
37%
No matching quizzes found
Score Distribution
Percent of People with Each Score
Percentile by Number Answered
Your Score History
You have not taken this quiz since the last reset